Statystyki dla Kadra Interu w Serie A 2017/2018

Kliknij tutaj aby rozwiązać quiz!

Ogólne statystyki

  • Ten quiz został rozwiązany 29 razy
  • Średni wynik to 13 z 24

Statystyki odpowiedzi

pozycja#krajpiłkarz% Poprawnych
B1SLOSamir Handanovic
93%
O37SVKMilan Skriniar
90%
P77CROMarcelo Brozovic
86%
N (C)9ARGMauro Icardi
83%
P87ITAAntonio Candreva
69%
N44CROIvan Perisic
69%
O55JPNYuto Nagatomo
69%
P6URUMatias Vecino
66%
O17CHIGary Medel
59%
O13ITAAndrea Ranocchia
55%
P10PORJoao Mario
55%
O33ITADanilo D'Ambrosio
52%
O25BRAJoao Miranda
48%
P5ITARoberto Gagliardini
48%
O29BRADalbert
45%
N8MNEStevan Jovetic
41%
P7FRAGeoffrey Kondogbia
38%
Trener-ITALuciano Spalletti
38%
B46ITATommaso Berni
38%
N96BRAGabriel
31%
O24COLJeison Murillo
31%
N99ITAAndrea Pinamonti
28%
N23ITAEder
24%
O15ARGCristian Ansaldi
21%

Rozkład punktacji

Percentyl według liczby udzielonych odpowiedzi

Procent ludzi z każdym wynikiem

Twoja historia wyników

Nie rozwiązałeś tego quizu